Quiz Overwatch (1 & 2) - Statistiques

Statistiques générales
  • Ce quiz a été pris 730 fois
  • Le résultat moyen est 8 sur 15
Statistiques - réponses
Question Réponse % Correct
Quel héros a changé de catégorie à la sortie d'Overwatch 2 ? Doomfist
93%
Quelle paire de héros n'a pas de lien de parenté ? Chacal et Chopper
88%
Quelle carte ne se trouve pas en Asie ? Junkertown
86%
Quel est le premier héros à avoir obtenu un skin Mythique ? Genji
75%
Quel héros possède 2 doubleurs ? Bouldozer
73%
Quelle est la dernière héroïne ajoutée sur Overwatch 1 ? Echos
62%
Sur quelle carte avait lieu le mode jeu "Prop Hunt" lors de la saison 5 ? Blizzard World
60%
Complétez cette phrase : "Ce n'est pas parce que vous n'êtes pas un scientifique que vous ne devez pas…" Réfléchir
59%
Quelle destination ne fait pas partie des 3 premières missions PVE ? Gibraltar
36%
Quel personnage n'a jamais reçu de modification cybernétique ? Soldat : 76
34%
Quel héros n'utilise pas de technologie lié à la lumière ? Ange
33%
Quelle est la première carte (hors carte événement) ajoutée à Overwatch 1 ? Eichenwalde
26%
Qui donnait constamment ses restes à Murphy, le chien de Viviane Chase (Sojourn) ? Ange
24%
Quel héros n'est pas présent dans l'histoire PVE de la Revanche de la Fiancé de Schakalstein ? Chopper
13%
Quel était le rôle du God Program "Anubis" avant la crise des omniums ? L'écologie
11%
Aucun quiz correspondant
Distribution des résultats
% des personnes avec chaque résultat
Percentile par nombre de réponses
Votre historique - résultats
Vous n’avez pas pris ce quiz